Prima Lettera delle Città Tedesche - Statistics

Statistiche generali
  • Questo quiz è stato fatto 106 volte
  • Il punteggio medio è 17 su 23
Statistiche sulle risposte
Hint Risposta % Corretto
_mburgo A
97%
_üsseldorf D
97%
_erlino B
96%
_toccarda S
96%
_olonia C
94%
_rancoforte sul Meno F
94%
_annover H
94%
_ipsia L
94%
_onaco M
94%
_orimberga N
94%
_ssen E
77%
_ngolstadt I
77%
_arlsruhe K
70%
_otsdam P
70%
_reviri T
67%
_ostock R
66%
_lma U
59%
_berhausen O
54%
_elsenkirchen G
53%
_ena J
50%
_wickau Z
39%
_uppertal W
31%
_illingen-Schwenningen V
24%
Nessun quiz corrispondente trovato
Distribuzione punteggi
Percentuale di utenti per punteggio
Percentile per numero di risposta
I tuoi punteggi nel tempo
Non hai fatto questo quiz